[Event "IBCA Wch blind places"]
[Site "Zaragoza"]
[Date "2013.06.20"]
[Round "1"]
[White "Avram, Sretko"]
[Black "Otero Munelo, Harlan Enrique"]
[Result "0-1"]
[WhiteElo "2138"]
[BlackElo "2133"]
[PlyCount "72"]
[EventDate "2013.06.20"]
[EventType "swiss"]
[EventRounds "7"]
[EventCountry "ESP"]
[SourceTitle "EXT 2014"]
[Source "ChessBase"]
[SourceDate "2013.11.20"]
[SourceVersion "1"]
[SourceVersionDate "2013.11.20"]
[SourceQuality "1"]

1. Nf3 Nf6 2. d4 c5 3. e3 b6 4. Be2 e6 5. 0-0 Be7 6. c4 0-0 7. Nc3 d6 8. b3 Bb7 9. Qc2 a6 10. Bb2 Nbd7 11. Rfd1 Rc8 12. Rac1 Qc7 13. h3 Rfd8 14. Qb1 Nf8 15. e4 cxd4 16. Nxd4 Ng6 17. Bf1 Nh5 18. g3 Bg5 19. Rc2 d5 20. exd5 Nxg3 21. Bg2 Nh5 22. Nf3 Nhf4 23. Bf1 Bf6 24. Ne1 Qe5 25. Ne2 Nxe2+ 26. Rxe2 Qg5+ 27. Bg2 Nf4 28. Re3 exd5 29. Rg3 Ne2+ 30. Kh2 Nxg3 31. fxg3 Bxb2 32. Qxb2 dxc4 33. Bxb7 Rxd1 34. Nf3 Qe3 35. bxc4 Rcd8 36. Bd5 R8xd5 0-1

[Event "SRB-ch blind"]
[Site "Nis"]
[Date "2013.04.22"]
[Round "6"]
[White "Avram, Sretko"]
[Black "Dimic, Pavle"]
[Result "1/2-1/2"]
[WhiteElo "2138"]
[BlackElo "2201"]
[PlyCount "22"]
[EventDate "2013.04.20"]
[EventType "tourn"]
[EventRounds "9"]
[EventCountry "SRB"]
[SourceTitle "EXT 2014"]
[Source "ChessBase"]
[SourceDate "2013.11.20"]
[SourceVersion "1"]
[SourceVersionDate "2013.11.20"]
[SourceQuality "1"]

1. Nf3 Nf6 2. d4 g6 3. g3 Bg7 4. Bg2 0-0 5. b3 d6 6. Bb2 Nbd7 7. c4 c6 8. 0-0 Re8 9. Nc3 e5 10. dxe5 dxe5 11. Qc2 Qc7 1/2-1/2

[Event "IBCA-ol blind 14th"]
[Site "Chennai"]
[Date "2012.08.18"]
[Round "8.3"]
[White "Avram, Sretko"]
[Black "Fernandez Manrique, Agustin"]
[Result "0-1"]
[WhiteElo "2217"]
[BlackElo "2170"]
[PlyCount "132"]
[EventDate "2012.08.10"]
[EventType "team-swiss"]
[EventRounds "9"]
[EventCountry "IND"]
[SourceTitle "CBM 149 Extra"]
[Source "ChessBase"]
[SourceDate "2012.08.24"]
[SourceVersion "1"]
[SourceVersionDate "2012.08.24"]
[SourceQuality "1"]
[WhiteTeam "Serbia"]
[BlackTeam "Spain"]
[WhiteTeamCountry "SRB"]
[BlackTeamCountry "ESP"]

1. Nf3 Nf6 2. c4 g6 3. g3 Bg7 4. Bg2 0-0 5. 0-0 d6 6. d4 Nbd7 7. Nc3 e5 8. e4 a6 9. h3 b5 10. dxe5 dxe5 11. Qe2 c6 12. Rd1 Qe7 13. b3 Bb7 14. Ne1 Rfd8 15. Nc2 Nf8 16. Ba3 Qc7 17. Rxd8 Rxd8 18. Bxf8 Bxf8 19. Rd1 Bc5 20. Rxd8+ Qxd8 21. b4 Bd4 22. Nd1 Bc8 23. c5 Be6 24. a3 Qd7 25. Kh2 Bb3 26. Qd2 Bxc5 27. Qxd7 Nxd7 28. Nce3 Bxd1 29. Nxd1 Bd4 30. Bf1 Nb6 31. Kg2 Nc4 32. a4 Nd6 33. axb5 axb5 34. Bd3 Ne8 35. Kf3 Nc7 36. Ne3 Bxe3 37. Kxe3 Na6 38. f4 f6 39. Be2 Nxb4 40. fxe5 fxe5 41. Kd2 Kf7 42. h4 Na6 43. g4 Nc5 44. Bf3 Ne6 45. Kc3 Ke7 46. Kb4 Kd6 47. g5 c5+ 48. Kc3 Nd4 49. Bg4 Ke7 50. Bd1 Kf7 51. Bg4 Kg7 52. Bd7 h6 53. gxh6+ Kxh6 54. Bg4 Kg7 55. Kd3 Kf6 56. Kc3 Ke7 57. Bd1 Kd6 58. Bg4 Kc6 59. h5 gxh5 60. Bxh5 Kb6 61. Bf7 Ka5 62. Be8 Ka4 63. Bd7 Ne2+ 64. Kd3 Ng3 65. Be6 Kb4 66. Bd5 c4+ 0-1

[Event "IBCA Wch blind 12th"]
[Site "Belgrade"]
[Date "2010.09.01"]
[Round "6.4"]
[White "Dukaczewski, Piotr"]
[Black "Avram, Sretko"]
[Result "1-0"]
[WhiteElo "2319"]
[BlackElo "2266"]
[PlyCount "80"]
[EventDate "2010.08.26"]
[EventType "swiss"]
[EventRounds "9"]
[EventCountry "SRB"]
[SourceTitle "EXT 2011"]
[Source "ChessBase"]
[SourceDate "2010.11.26"]
[SourceVersion "1"]
[SourceVersionDate "2010.11.26"]
[SourceQuality "1"]

1. e4 e5 2. Nf3 Nf6 3. Nxe5 d6 4. Nf3 Nxe4 5. Nc3 Nxc3 6. dxc3 Nc6 7. Be3 Be6 8. Qd2 Be7 9. 0-0-0 Qd7 10. Kb1 a6 11. h4 Bf6 12. Ng5 0-0-0 13. f3 h6 14. Ne4 Be7 15. Qf2 Qe8 16. h5 f5 17. Nd2 Qf7 18. Nb3 Rhf8 19. f4 Bc4 20. Qf3 Bf6 21. Qh3 Be7 22. Bxc4 Qxc4 23. g4 Qf7 24. g5 Kb8 25. Rhg1 Rh8 26. Rh1 hxg5 27. fxg5 f4 28. g6 Qf8 29. Rdf1 Bg5 30. Qg4 Qe7 31. Bxf4 Bxf4 32. Rxf4 Ne5 33. Qg2 c5 34. Qd5 Qg5 35. Rff1 Rd7 36. a4 Rxh5 37. Rxh5 Qxh5 38. Rf8+ Ka7 39. a5 Qxg6 40. Qg8 b5 1-0

[Event "IBCA Wch blind 12th"]
[Site "Belgrade"]
[Date "2010.08.28"]
[Round "3.12"]
[White "Avram, Sretko"]
[Black "Schellmann, Frank"]
[Result "1-0"]
[WhiteElo "2266"]
[BlackElo "2077"]
[PlyCount "105"]
[EventDate "2010.08.26"]
[EventType "swiss"]
[EventRounds "9"]
[EventCountry "SRB"]
[SourceTitle "EXT 2011"]
[Source "ChessBase"]
[SourceDate "2010.11.26"]
[SourceVersion "1"]
[SourceVersionDate "2010.11.26"]
[SourceQuality "1"]

1. c4 f5 2. d4 Nf6 3. Nf3 g6 4. g3 Bg7 5. Bg2 d6 6. Nc3 0-0 7. 0-0 Qe8 8. d5 Na6 9. Nd4 Bd7 10. e4 fxe4 11. Nxe4 Nxe4 12. Bxe4 c6 13. Be3 Nc7 14. Qd2 c5 15. Ne2 b5 16. cxb5 Bxb5 17. Rfe1 Rb8 18. Rab1 Bd7 19. b4 Bf5 20. f3 Qa4 21. Rec1 Na6 22. Bxf5 Rxf5 23. bxc5 Rxb1 24. Rxb1 Nxc5 25. Kg2 Qc4 26. Nf4 Be5 27. Rb4 Qc3 28. Qxc3 Bxc3 29. Rb8+ Kf7 30. h4 Be5 31. Ne2 Bg7 32. Nf4 Be5 33. Nh3 Bf6 34. Bh6 e6 35. dxe6+ Kxe6 36. Nf4+ Kd7 37. Ra8 Kc6 38. Rxa7 Nb7 39. Ne6 Rb5 40. Nf8 Rb2+ 41. Kh3 Bd4 42. Ra4 Bg1 43. Nxh7 Nc5 44. Ra3 Kb5 45. Ra8 Rh2+ 46. Kg4 Nd3 47. Nf8 Ne5+ 48. Kf4 Re2 49. Ra3 Bc5 50. Rb3+ Kc4 51. Bg7 Nd3+ 52. Kg5 Rxa2 53. Rc3+ 1-0

[Event "Vojvodina Cup"]
[Site "Banja Junakovic"]
[Date "2009.05.02"]
[Round "4"]
[White "Avram, Sretko"]
[Black "Rogac, Srdjan"]
[Result "1/2-1/2"]
[WhiteElo "2296"]
[BlackElo "2308"]
[PlyCount "52"]
[EventDate "2009.04.30"]
[EventType "team-tourn"]
[EventRounds "5"]
[EventCountry "YUG"]
[SourceTitle "EXT 2011"]
[Source "ChessBase"]
[SourceDate "2010.11.26"]
[SourceVersion "1"]
[SourceVersionDate "2010.11.26"]
[SourceQuality "1"]

1. Nf3 Nf6 2. c4 e6 3. Nc3 Bb4 4. Qc2 0-0 5. a3 Bxc3 6. Qxc3 c5 7. d4 d6 8. g3 Nc6 9. Bg2 Qa5 10. Qxa5 Nxa5 11. dxc5 Nb3 12. Rb1 Nxc1 13. Rxc1 dxc5 14. 0-0 Rb8 15. Rfd1 Bd7 16. b3 Bc6 17. Ne5 Bxg2 18. Kxg2 Rfd8 19. f3 Kf8 20. Kf2 Ke7 21. e3 Nd7 22. Rxd7+ Rxd7 23. Nxd7 Kxd7 24. Ke2 Kc7 25. h4 Rd8 26. Rd1 Rxd1 1/2-1/2

[Event "Vojvodina Cup"]
[Site "Banja Junakovic"]
[Date "2009.05.01"]
[Round "2"]
[White "Avram, Sretko"]
[Black "Vukovic, Miroslav R"]
[Result "1-0"]
[WhiteElo "2296"]
[BlackElo "2180"]
[PlyCount "107"]
[EventDate "2009.04.30"]
[EventType "team-tourn"]
[EventRounds "5"]
[EventCountry "YUG"]
[SourceTitle "EXT 2011"]
[Source "ChessBase"]
[SourceDate "2010.11.26"]
[SourceVersion "1"]
[SourceVersionDate "2010.11.26"]
[SourceQuality "1"]

1. Nf3 d5 2. d4 Nf6 3. c4 c6 4. Nc3 dxc4 5. a4 Bf5 6. Ne5 Nbd7 7. Nxc4 e6 8. f3 Bb4 9. Bd2 0-0 10. e4 Bg6 11. Be2 Nb6 12. Be3 Nfd7 13. 0-0 Qe7 14. a5 Nxc4 15. Bxc4 f6 16. Qb3 Bf7 17. Ne2 e5 18. Bxf7+ Rxf7 19. d5 c5 20. Ng3 g6 21. h4 Qd6 22. h5 f5 23. hxg6 hxg6 24. f4 Raf8 25. Rac1 b6 26. axb6 Qxb6 27. Qc2 fxe4 28. Nxe4 exf4 29. Bf2 Rf5 30. d6 Kh7 31. Qe2 Qc6 32. Bh4 Kh6 33. Be7 R8f7 34. g4 Re5 35. Qh2+ Kg7 36. Ng5 Rxg5 37. Bxg5 Qe4 38. Rxf4 Rxf4 39. Qxf4 Qe6 40. Rf1 c4 41. Bh4 Kg8 42. Rc1 a5 43. Bg5 a4 44. Be7 Bc5+ 45. Kh1 a3 46. bxa3 c3 47. Rf1 Be3 48. Qa4 Kg7 49. Kg2 Qd5+ 50. Kh3 Qd3 51. Rf3 Qd5 52. Rf1 Bd4 53. Qxd7 Kh6 54. Bf8+ 1-0

[Event "IBCA-ol blind 13th"]
[Site "Heraklion"]
[Date "2008.10.21"]
[Round "3.2"]
[White "Ross, Chris Neil"]
[Black "Avram, Sretko"]
[Result "1-0"]
[WhiteElo "2172"]
[BlackElo "2320"]
[PlyCount "63"]
[EventDate "2008.10.19"]
[EventType "team-swiss"]
[EventRounds "9"]
[EventCountry "GRE"]
[SourceTitle "EXT 2010"]
[Source "ChessBase"]
[SourceDate "2010.11.25"]
[SourceVersion "1"]
[SourceVersionDate "2010.11.25"]
[SourceQuality "1"]
[WhiteTeam "England (blind)"]
[BlackTeam "Serbia (blind)"]
[WhiteTeamCountry "ENG"]
[BlackTeamCountry "YUG"]

1. d4 d5 2. Nf3 Nf6 3. c4 c6 4. e3 e6 5. Bd3 Nbd7 6. 0-0 dxc4 7. Bxc4 b5 8. Bd3 a6 9. a4 Bb7 10. Qe2 Be7 11. Nbd2 b4 12. e4 c5 13. e5 Nd5 14. Nc4 cxd4 15. Nxd4 Nc5 16. Bc2 0-0 17. Rd1 Qc7 18. Qg4 g6 19. Bh6 Rfc8 20. Rac1 Qd7 21. Na5 Rab8 22. h4 Bf8 23. Bxf8 Kxf8 24. h5 Ba8 25. Qg5 Kg7 26. Nc4 Qe7 27. Qg3 Nd7 28. Nd6 Qf8 29. hxg6 Rxc2 30. N4f5+ exf5 31. Nxf5+ Kg8 32. g7 1-0

[Event "IBCA World Cup 5th"]
[Site "Eretria"]
[Date "2005.07.14"]
[Round "2.1"]
[White "Avram, Sretko"]
[Black "Mlacnik, Franc"]
[Result "1-0"]
[WhiteElo "2192"]
[BlackElo "2137"]
[PlyCount "47"]
[EventDate "2005.07.13"]
[EventType "team"]
[EventRounds "8"]
[EventCountry "GRE"]
[SourceTitle "EXT 2006"]
[Source "ChessBase"]
[SourceDate "2005.11.24"]
[SourceVersion "1"]
[SourceVersionDate "2005.11.24"]
[SourceQuality "1"]

1. Nf3 d6 2. d4 Nf6 3. g3 g6 4. Bg2 Bg7 5. 0-0 0-0 6. c4 c6 7. Nc3 Nbd7 8. h3 e5 9. e4 Re8 10. Be3 Qe7 11. Qc2 Nf8 12. Rad1 Nh5 13. Rfe1 f5 14. exf5 gxf5 15. dxe5 dxe5 16. Qe2 Qf7 17. Ng5 Qg6 18. Bf3 Nf6 19. h4 f4 20. Bc1 h6 21. Nge4 fxg3 22. fxg3 Ng4 23. Rd6 Re6 24. h5 1-0

[Event "IBCA World Cup 5th"]
[Site "Eretria"]
[Date "2005.07.13"]
[Round "1.1"]
[White "Avram, Sretko"]
[Black "Riegler, Dieter"]
[Result "1/2-1/2"]
[WhiteElo "2192"]
[BlackElo "2148"]
[PlyCount "42"]
[EventDate "2005.07.13"]
[EventType "team"]
[EventRounds "8"]
[EventCountry "GRE"]
[SourceTitle "EXT 2006"]
[Source "ChessBase"]
[SourceDate "2005.11.24"]
[SourceVersion "1"]
[SourceVersionDate "2005.11.24"]
[SourceQuality "1"]

1. c4 g6 2. Nf3 Bg7 3. g3 d6 4. d4 Nf6 5. Nc3 0-0 6. Bg2 Nc6 7. 0-0 Rb8 8. b3 a6 9. a4 Bd7 10. Bb2 Qc8 11. Qc2 Nb4 12. Qd2 c5 13. d5 b5 14. axb5 axb5 15. Rfc1 bxc4 16. bxc4 Rb7 17. Ne1 Qc7 18. Nd1 Rfb8 19. Bc3 Ne8 20. Bxg7 Nxg7 21. e4 Ne8 1/2-1/2

[Event "IBCA Wch blind 10th"]
[Site "Istanbul"]
[Date "2002.11.29"]
[Round "9"]
[White "Salazar, Antonio"]
[Black "Avram, Sretko"]
[Result "0-1"]
[WhiteElo "1800"]
[BlackElo "2135"]
[PlyCount "29"]
[EventDate "2002.11.20"]
[EventType "swiss"]
[EventRounds "9"]
[EventCountry "TUR"]
[SourceTitle "EXT 2004"]
[Source "ChessBase"]
[SourceDate "2003.11.25"]
[SourceVersion "1"]
[SourceVersionDate "2003.11.25"]
[SourceQuality "1"]

1. e4 c5 2. Nf3 a6 3. c4 Nc6 4. Nc3 e5 5. d3 g6 6. Be2 Bg7 7. Bg5 f6 8. Be3 d6 9. Qd2 Nge7 10. h4 h5 11. Nh2 Nd4 12. 0-0 Be6 13. Bd1 0-0 14. Nd5 Nxd5 15. cxd5 0-1

[Event "IBCA Wch blind 10th"]
[Site "Istanbul"]
[Date "2002.11.27"]
[Round "8"]
[White "Gimadeev, Anatoli"]
[Black "Avram, Sretko"]
[Result "1-0"]
[WhiteElo "1800"]
[BlackElo "2135"]
[PlyCount "77"]
[EventDate "2002.11.20"]
[EventType "swiss"]
[EventRounds "9"]
[EventCountry "TUR"]
[SourceTitle "EXT 2004"]
[Source "ChessBase"]
[SourceDate "2003.11.25"]
[SourceVersion "1"]
[SourceVersionDate "2003.11.25"]
[SourceQuality "1"]

1. Nf3 d5 2. g3 Nf6 3. Bg2 Bf5 4. d3 Nbd7 5. Nh4 Bg6 6. 0-0 e6 7. c4 c6 8. b3 Qb6 9. Nc3 Be7 10. Rb1 0-0 11. Nxg6 hxg6 12. d4 Qa6 13. c5 e5 14. e3 b5 15. dxe5 Nxe5 16. f4 Ned7 17. b4 Qb7 18. Re1 a5 19. a3 Rfd8 20. g4 Nf8 21. g5 Ne8 22. Ne2 Ne6 23. Bb2 N8c7 24. h4 axb4 25. axb4 Ra4 26. Qb3 f5 27. Bf3 Kf7 28. Kf2 Rh8 29. Rh1 Raa8 30. Qc2 Qc8 31. h5 Nf8 32. Ng3 Qe6 33. hxg6+ Nxg6 34. Nxf5 Rxh1 35. Rxh1 Ra2 36. Nxg7 Qd7 37. Qxg6+ Kxg6 38. Bh5+ Kh7 39. Bf7+ 1-0